| 000 | 01315cam a2200337 i 4500 | ||
|---|---|---|---|
| 001 | 41159 | ||
| 003 | Mx-PuUPA | ||
| 005 | 20260504152822.0 | ||
| 008 | 140415s2006 mx a gr 001 0 spa d | ||
| 020 | _a9702410290 | ||
| 040 |
_aMx-PuUPA _bspa _cMx-PuUPA _dMx-PuUPA _erda |
||
| 041 | 0 | _aspa | |
| 100 | 1 |
_a _eautor _912879 |
|
| 245 | 1 |
_aContabilidad de sociedades / _cJoaquín Moreno Fernández |
|
| 246 | 1 | 3 |
_aContabilidad de sociedades : _btexto del siglo XXI |
| 250 | _aSegunda edición | ||
| 264 | 1 |
_aMéxico, D.F. : _bCompañía Editorial Continental, _c2006 |
|
| 300 |
_axx, 336 páginas : _btablas ; _c25 cm |
||
| 336 |
_2rdacontent _atexto _btxt |
||
| 337 |
_2rdamedia _asin medio _bn |
||
| 338 |
_2rdacarrier _avolumen _bnc |
||
| 490 | 0 |
_aContabilidas Financiera ; _v5 |
|
| 500 | _aEn cubierta y portada menciona erróneamente "3a. edición" y "Tercera edición actualizada y revisada con Normas de Información Financiera". | ||
| 650 | 7 |
_2armarc _aSociedades anónimas _xContabilidad _vEstudio y enseñanza |
|
| 650 | 7 |
_2armarc _aSociedades comerciales _xContabilidad |
|
| 650 | 7 |
_2armarc _aCorporaciones _xFinanzas |
|
| 942 |
_2ddc _cLI _h657.95 _iM82 |
||
| 999 |
_c41159 _d41159 |
||